Experimental methods for engineers (Record no. 4826)

000 -LEADER
fixed length control field 00561nam a22002057a 4500
001 - CONTROL NUMBER
control field 4826
003 - CONTROL NUMBER IDENTIFIER
control field BD-DhUET
008 - FIXED-LENGTH DATA ELEMENTS--GENERAL INFORMATION
fixed length control field 141120b xxu||||| |||| 00| 0 eng d
020 ## - INTERNATIONAL STANDARD BOOK NUMBER
International Standard Book Number 0071133542
040 ## - CATALOGING SOURCE
Transcribing agency 0
Modifying agency BD-DhUET
082 ## - DEWEY DECIMAL CLASSIFICATION NUMBER
Classification number 620.072
Item number HOL/1994
100 ## - MAIN ENTRY--PERSONAL NAME
Personal name Holman, J. P.
245 ## - TITLE STATEMENT
Title Experimental methods for engineers
Statement of responsibility, etc. by J. P. Holman
250 ## - EDITION STATEMENT
Edition statement 6th ed.
260 ## - PUBLICATION, DISTRIBUTION, ETC. (IMPRINT)
Place of publication, distribution, etc. New York
Name of publisher, distributor, etc. McGraw-Hill
Date of publication, distribution, etc. 1994
300 ## - PHYSICAL DESCRIPTION
Extent xviii,616p.
Other physical details ill.
490 ## - SERIES STATEMENT
Series statement McGraw-Hill series in Mechanical Engineering
650 #0 - SUBJECT ADDED ENTRY--TOPICAL TERM
Topical term or geographic name as entry element Engineering-Laboratory manuals
942 ## - ADDED ENTRY ELEMENTS (KOHA)
Koha item type General Book
Holdings
Sublocation or collection (holding branch) Koha date last borrowed Koha normalized classification for sorting Koha full call number Shelving location Price effective from Source of classification or shelving scheme Damaged status Piece designation (barcode) Koha date last seen Withdrawn status Lost status Not for loan Date acquired Koha issues (times borrowed) Koha item type Location (home branch) Copy number
Central Library, BUET2019-10-01620_072000000000000_HOL_1994620.072/HOL/1994Circulation section2014-11-20  944912020-01-18   2014-11-203General BookCentral Library, BUET1
Central Library, BUET 620_072000000000000_1994_HOL620.072/1994/HOLCirculation section2015-06-14  944892015-06-14   2015-06-14 General BookCentral Library, BUET2
Central Library, BUET2024-01-15620_072000000000000_1994_HOL620.072/1994/HOLCirculation section2015-07-26  944902024-01-27   2015-07-264General BookCentral Library, BUET3